000 00643nam a2200205Ia 4500
003 GCL
008 140319s9999 xx 000 0 ara d
040 _aGCL /
_cGCL
082 0 4 _aق
_b299.31
_bس ك
100 1 _aعيسى طنوس (مترجم)
245 1 0 _aالكهان فى مصر القديمة /
_cعيسى طنوس (مترجم)
700 1 _aسوفيرون، سيرج
300 _a230 ص
490 _a
650 0 4 _aالحضارة الفرعونية
650 0 4 _aالكهنة المصريون
650 0 4 _aالديانات المصرية القديمة
650 0 4 _aمصر القديمة - تاريخ
942 _2ddc
_cBK
999 _c44808
_d44808